El lenguaje del pensamiento
Uloženo v:
| Hlavní autor: | |
|---|---|
| Médium: | Kniha |
| Jazyk: | španělština |
| Vydáno: |
Madrid
Alianza
1984
|
| Vydání: | 1a. ed |
| Edice: | Alianza Psicología
|
| Témata: | |
| Tagy: |
Přidat tag
Žádné tagy, Buďte první, kdo vytvoří štítek k tomuto záznamu!
|
MARC
| LEADER | 00000nam a2200000 a 4500 | ||
|---|---|---|---|
| 001 | UCQ7602 | ||
| 003 | CL-VaPUC | ||
| 008 | 981113e19840000SP |||||||||||||||||spa|d | ||
| 020 | |a 8420665061 | ||
| 082 | 0 | 4 | |a 401.9 |b FOD |2 21 |
| 100 | 0 | |a Fodor, Jerry A |e author |9 421369 | |
| 245 | 1 | 3 | |a El lenguaje del pensamiento |
| 250 | |a 1a. ed | ||
| 300 | |a 229 p | ||
| 942 | |c BK | ||
| 945 | |d 19981113 00:00:00 |a crobeson | ||
| 260 | |a Madrid |b Alianza |c 1984 | ||
| 650 | 0 | |a Psicolingüística |9 283371 | |
| 650 | 0 | |a Lingüística |9 265068 | |
| 650 | 0 | |a Lenguaje |9 265069 | |
| 650 | 7 | |a TEORIA LINGUISTICA |2 CL-VaPUC |9 334835 | |
| 650 | 0 | |a Psicología cognitiva |9 306250 | |
| 650 | 7 | |a PROCESOS MENTALES |2 CL-VaPUC |9 370472 | |
| 650 | 7 | |a LINGUISTICA GENERATIVA |2 CL-VaPUC |9 421370 | |
| 650 | 0 | |a Ciencia de la computación |9 260608 | |
| 583 | |a last modification |c 19981113 00:00:00 |k Rodrigo Vera | ||
| 490 | 0 | |a Alianza Psicología | |
| 999 | |c 277130 |d 277128 | ||
| 952 | |0 0 |1 0 |4 0 |6 401_900000000000000_FOD_1984 |7 0 |8 A |9 314877 |a FDOPOS |b FDOPOS |d 2019-11-20 |i 1493574 |o 401.9 FOD 1984 |p 1493574 |r 2025-01-22 |w 2019-11-20 |y BK |k MLA | ||
| 952 | |0 0 |1 0 |4 0 |6 401_900000000000000_FOD_1984 |7 0 |8 A |9 314878 |a BIBEDU |b BIBEDU |d 2019-11-20 |i 4594932 |o 401.9 FOD 1984 |p 4594932 |r 2019-11-20 |w 2019-11-20 |y BK |k BME | ||